Εκτίμηση βασικής συχνότητας για σήματα μουσικής : πτυχιακή εργασία
Η παρούσα εργασία αποτελεί μια ολοκληρωμένη προσέγγιση του προβλήματος ανίχνευσης της οξύτητας ενός ήχου, με έμφαση στους ήχους που παράγονται από μουσικά όργανα. Παρουσιάζεται η διαδικασία παραγωγής του σύνθετου ήχου μέσα από τις δονήσεις του σώματος ενός οργάνου, και εξηγείται πως προκύπτουν οι συ...
Αποθηκεύτηκε σε:
| Κύριος συγγραφέας: | |
|---|---|
| Συγγραφή απο Οργανισμό/Αρχή: | |
| Άλλοι συγγραφείς: | |
| Μορφή: | Thesis Βιβλίο |
| Γλώσσα: | Greek |
| Δημοσίευση: |
2015.
|
| Θέματα: | |
| Διαθέσιμο Online: | http://hdl.handle.net/11610/8650 |
| Ετικέτες: |
Προσθήκη ετικέτας
Δεν υπάρχουν, Καταχωρήστε ετικέτα πρώτοι!
|
MARC
| LEADER | 00000cam a2200000 a 4500 | ||
|---|---|---|---|
| 001 | 1/110588 | ||
| 008 | 160414s2015####gr | ||| |||| ||gre|| | ||
| 040 | |a GR-MyUa |b gre |c GR-MyUa |e AACR2 | ||
| 041 | 0 | |a gre | |
| 082 | 7 | |a 621.38223 |2 (23) | |
| 100 | 1 | |a Δαλάτσης, Αντώνιος. | |
| 245 | 1 | 0 | |a Εκτίμηση βασικής συχνότητας για σήματα μουσικής : |b πτυχιακή εργασία / |c Αντώνιος Δαλάτσης ; επιβλέπουσα καθηγήτρια Ειρήνη Καρύμπαλη. |
| 260 | |c 2015. | ||
| 300 | |a vii, 133 σ. : |b σχέδια, πιν. ; |c 30 εκ. | ||
| 500 | |a Μέλη της εξεταστικής επιτροπής : Ειρήνη Καρύμπαλη, Εμμανουήλ Καλλίγερος, Θεόδωρος Τζουραμάνης. | ||
| 502 | |a Πτυχιακή εργασία - Πανεπιστήμιο Αιγαίου, Σάμος, 2015. | ||
| 504 | |a Βιβλιογραφία: σ. 129-133. | ||
| 506 | 0 | |a Διάθεση πλήρους κειμένου - Ελεύθερη δημοσίευση. | |
| 520 | 8 | |a Η παρούσα εργασία αποτελεί μια ολοκληρωμένη προσέγγιση του προβλήματος ανίχνευσης της οξύτητας ενός ήχου, με έμφαση στους ήχους που παράγονται από μουσικά όργανα. Παρουσιάζεται η διαδικασία παραγωγής του σύνθετου ήχου μέσα από τις δονήσεις του σώματος ενός οργάνου, και εξηγείται πως προκύπτουν οι συχνότητες και πως τις αναλύουμε. Για το σκοπό αυτό γίνεται μια συνεκτική παρουσίαση της Ανάλυσης Fourier με τη βοήθεια γραφημάτων, ξεκινώντας από το πρόβλημα της παλλόμενης χορδής και τη λύση του από τον Joseph Fourier, ενώ επιμένουμε στον τρόπο με τον οποίο η μέθοδος αυτή εφαρμόζεται στον υπολογιστή. Στη συνέχεια εξετάζουμε τους λόγους για τους οποίους, πολλές φορές, είναι δύσκολο να βρούμε τη βασική συχνότητα ενός ήχου, και βλέπουμε πως λειτουργούν οι πιο γνωστοί αλγόριθμοι εκτίμησης. Από αυτούς θα επιλέξουμε δύο, τον HPS και τον YIN, τους οποίους θα υλοποιήσουμε και θα μελετήσουμε διεξοδικά. Για τις ανάγκες της μελέτης αυτής συλλέξαμε δείγματα οργάνων, από ελεύθερες βιβλιοθήκες δειγμάτων στο διαδίκτυο, και συγκροτήσαμε μια βάση μουσικών σημάτων πάνω στην οποία θα αξιολογήσουμε τους δύο αλγορίθμους. Η εργασία ολοκληρώνεται με την υλοποίηση μιας εφαρμογής, με γραφικό περιβάλλον, για κούρδισμα μουσικών οργάνων, σε Matlab. | |
| 650 | 0 | |a Signal processing. | |
| 650 | 0 | |a Fourier analysis. | |
| 650 | 0 | |a Music. | |
| 650 | 0 | |a Dissertations, Academic |z Greece. | |
| 700 | 1 | |a Καρύμπαλη, Ειρήνη, |e dgsf [Επιβλέπουσα καθηγήτρια] | |
| 710 | 2 | |a Πανεπιστήμιο Αιγαίου. |b Σχολή Θετικών Επιστημών. |b Τμήμα Μηχανικών Πληροφοριακών και Επικοινωνιακών Συστημάτων. | |
| 852 | |a INST |b SAMOS |c DIATR |e 20160414 |h 621.38223 ΔΑΛ |p 005300043455 |q 005300043455 |t DIE |y 23 | ||
| 856 | |u http://hdl.handle.net/11610/8650 | ||
| 924 | |a Δαλάτσης |b Αντώνιος |y Σάμος |z 2015-05 | ||
| 970 | |a Κοσιέρης |b Χρήστος |z 14-04-2016 | ||